000 00688nam a2200145Ia 4500
008 231221s9999 xx 000 0 und d
041 _aEnglish
100 _aKaul, H K, ed., DELNETSen, Gayathri, ed., PESIT
245 0 _aStrategies for Managing Knowledge Resources : Promoting Research, Education and Skills NACLIN 2005 [electronic resource : conference proceedings] Proceedings held from August, 22-25, 2005 at PES Institute of Technology, Bangalore
260 _c2005/08
_bDELNET/PESIT
_aBangalore
510 _aLibrary and Information Networking Invited Talks delivered during NACLIN 2005
650 _aKnowledge Resources
650 _aNACLIN,2005,:,Invited,Talks
942 _cDL
999 _c204120
_d204120